000
00232nam a22000977a 4500
003
OSt
008
210121b ||||| |||| 00| 0 eng d
100
_a
Shahane
_9
4562
245
_a
Building construction qustions and answers
942
_c
BK
999
_c
16777
_d
16777